[Event "Tata Steel Masters"]
[Site "Wijk aan Zee"]
[Date "2021.01.21"]
[Round "5.6"]
[White "Grandelius, Nils"]
[Black "Vachier Lagrave, Maxime"]
[Result "1-0"]
[WhiteElo "2663"]
[BlackElo "2784"]
[EventDate "2021.??.??"]
[Annotator "Bojkov,Dejan"]
[PlyCount "69"]
[Beauty "8045547506712"]
[EventType "swiss"]
[EventRounds "13"]
[EventCountry "NED"]

1.e4 c5 2.Nf3 d6 3.d4 cxd4 4.Nxd4 Nf6 5.Nc3 a6 6.Bg5 e6 7.f4 Qb6 {The Poisoned Pawn Variation carries this title for a reason. Black risks to gain a seemingly worthless pawn and gets heavily behind in development. Modern engines make defenders far braver than before. On top of that, Vachier-Lagrave trusts his position.} 8.Qd2 Qxb2 9.Rb1 Qa3 10.f5 ( {The other main direction of the line was tested by Radjabov recently:} 10.e5 h6 11.Bh4 dxe5 12.fxe5 Nfd7 13.Ne4 {In this line White often sacrifices three to four pawns in the blink of an eye:} 13...Qxa2 14.Rd1 Qd5 15.Qe3 Qxe5 16.Be2 Bc5 17.Bg3 Qd5 18.c4 Bxd4 19.Rxd4 Qa5+ 20.Rd2 O-O 21.Bd6 {which means that Black is always ready to part with some material to slow down the opponent's initiative:} 21...f5 22.Bxf8 Nxf8 {with sharp and interesting play Radjabov,T (2765)-Ding,L (2791) Online 2020} ) 10...Be7 ( {Another way to defend is} 10...Nc6 11.fxe6 fxe6 12.Nxc6 bxc6 13.Be2 Be7 14.e5 dxe5 15.Bxf6 Bxf6 16.Bh5+ g6 17.Ne4 O-O 18.O-O Qe7 19.Bf3 Qa7+ 20.Kh1 Be7 21.Qc3 Rb8 22.h3 Rxb1 23.Rxb1 Qc7 {as in Karjakin,S (2752)-Duda,J (2757) Chess.com 2020} ) 11.fxe6 Bxe6 12.Nxe6 fxe6 13.Bc4 {A fashionable line and a favorite choice of the Chinese top-GM Wei Yi. White's play is very straightforward and logical.} 13...Nbd7 14.Bxe6 Nc5 15.Bb3 {An over-the-board novelty.} ( {Both Vachier-Lagrave and Nepomniachtchi defended against the Chinese GM after} 15.Bf5 g6 16.Bh3 Nfxe4 17.Nxe4 Nxe4 18.Qd4 Qc3+ 19.Qxc3 Nxc3 20.Bxe7 Kxe7 {Wei,Y (2721)-Vachier Lagrave,M (2774) Chess.com 2019 and Wei,Y (2736) -Nepomniachtchi,I (2773) Moscow 2019} ) ( {However, the French GM suffered a heavy blow in the following game:} 15.Bc4 {Taken by surprise, Vachier-Lagrave followed the stream:} 15...Ncxe4 ( {However, in another game that year Black defended with} 15...b5 16.O-O bxc4 17.Bxf6 Bxf6 18.Qxd6 Qxc3 19.e5 Qe3+ 20.Kh1 Ne4 21.Qc6+ Kf7 22.exf6 gxf6 23.Qd7+ Kf8 24.g3 Nf2+ 25.Kg2 Ne4 {Radjabov,T (2759)-Nepomniachtchi,I (2775) Dortmund 2019} ) 16.Nxe4 Nxe4 {but was in for a nasty surprise:} 17.Bf7+ $3 Kxf7 18.Qd5+ Ke8 19.Qxe4 Qa5+ 20.Kd1 Qxg5 21.Rxb7 {when White regained the piece and eventually won, thanks to his superb preparation in Caruana,F (2819)-Vachier Lagrave,M (2779) Stavanger 2019} ) 15...Rc8 {Played without much hesitation.} ( {Equipped with his hard-learned knowledge from the game against Caruana, MVL naturally stays away from the line} 15...Ncxe4 16.Nxe4 Nxe4 17.Bf7+ Kxf7 18.Qd5+ Ke8 19.Qxe4 Qa5+ 20.Kd1 Qxg5 21.Rxb7 {which transposes to the game from above.} ) ( {The immediate capture of the bishop} 15...Nxb3 16.Rxb3 Qc5 17.Rxb7 {simply wins a pawn for White.} ) 16.O-O Nxb3 {It's a good moment to get rid of this beast and bring the queen back into play.} 17.Rxb3 Qc5+ 18.Be3 Qc4 19.Rf4 {With the strong threat of e4-e5.} ( 19.Nd5 {is not dangerous for Black after} 19...Nxd5 20.exd5 Bf6 ) 19...Qe6 $146 {Technically speaking, only this is a novelty but not a good one. Black used18 minutes on his clock and might have messed up the lines.} ( {There was a correspondence game where Black immediately attacked the annoying rook in return:} 19...Nh5 $1 20.Rf1 ( 20.Rf3 Nf6 ) ( 20.Rg4 O-O ) ( 20.Rf5 Nf6 ) 20...Rf8 21.Re1 b5 22.Nd5 Qxc2 23.Qd4 Nf6 24.Qa7 Nxd5 25.exd5 Rc7 26.Qxa6 Kf7 27.h3 Kg8 {and the game eventually ended peacefully, Rothman,I (2158)-Pessoa, F (2525) ICCF email 2010} ) ( {Note that the queen cannot retreat easily on the c-file:} 19...Qc6 20.Nd5 Qxc2 21.Qxc2 Rxc2 22.Rxb7 {still wins a pawn for White.} ) ( {Whereas} 19...Qc7 20.Nd5 Nxd5 21.Qxd5 Rf8 22.Qh5+ {with a strong attack would be even more unpleasant than the previous retreat.} ) 20.Rxb7 {Picking up a nice, healthy pawn while occupying the seventh rank. How bad can it get?} 20...O-O 21.h3 $1 {A cool consolidation move. There will be no back-rank mates or Nf6-g4-e5 maneuvers.} ( {Black is fighting after} 21.Nd5 Nxd5 22.exd5 Qe5 ) 21...Rb8 {One more small subtlety by Grandelius. He does not even give the b-file without a fight.} ( {The other route to e5 is not advisable:} 21...Nd7 $2 22.Qd5 ) ( {If Black waits with} 21...Rc4 {then} 22.Nd5 $1 Bd8 23.Qd3 {improves White's position further.} ) 22.Ra7 $1 ( {As in:} 22.Rxb8 Rxb8 23.Qd3 ) 22...Ra8 23.Rxa8 Rxa8 24.Nd5 ( {Also good is} 24.Qd3 $1 Rc8 ( {No time for} 24...Rb8 25.Qxa6 ) 25.Nd5 Nxd5 26.exd5 Qg6 27.Qxg6 hxg6 28.Ra4 Rxc2 29.Rxa6 {and White should win the endgame.} ) 24...Rb8 ( {Perhaps Vachier-Lagrave had to try and defend the position after} 24...Nxd5 25.exd5 Qg6 26.Rg4 Qf5 ) 25.c4 Bd8 ( {The last chance is} 25...Nxd5 26.exd5 Rb1+ 27.Kh2 Qe5 28.Bd4 Qe1 {Although White should also win here with} 29.Qd3 $1 ( {Rather than the endgame} 29.Qxe1 Rxe1 {where Black has chances, thanks to his active rook.} ) ) 26.Qf2 Nd7 27.Bd4 Bg5 ( 27...h6 $5 {to open air for the king is more resilient.} ) 28.Rf5 Bh6 ( {It is probably here where the French GM spotted} 28...h6 29.h4 g6 ( {Without the bishop on the kingside, Black is quickly mated:} 29...Bc1 30.Qg3 g6 31.Nf6+ ) 30.hxg5 $1 gxf5 31.exf5 Qe4 32.g6 {and nothing can stop the white pawns.} ) 29.Kh2 {The last preparatory move. Grandelius is converting in style.} 29...Rc8 30.Qg3 g6 ( 30...Qxe4 31.Qxd6 ) 31.Qh4 $1 {A nice final touch.} 31...Bf8 ( {White regains all the material with interest in the line} 31...gxf5 32.exf5 Qe8 33.Ne7+ Kf7 34.Nxc8 Qxc8 35.Qxh6 ) 32.Rf6 {Not even a sacrifice. The white pieces are mercilessly surrounding the opponent's king.} 32...Qe8 ( {Or} 32...Nxf6 33.Nxf6+ Kf7 34.Qxh7+ Bg7 35.Ng4 Rg8 36.Nh6+ {winning.} ) 33.Rxf8+ Qxf8 34.Ne7+ Kf7 35.Nxc8 ( 35.Nxc8 Qxc8 36.Qxh7+ ) 1-0

[Event "Tata Steel Masters"]
[Site "Wijk aan Zee"]
[Date "2021.01.22"]
[Round "6.7"]
[White "Donchenko, Alexander"]
[Black "Firouzja, Alireza"]
[Result "0-1"]
[WhiteElo "2668"]
[BlackElo "2749"]
[EventDate "2021.??.??"]
[Annotator "Bojkov,Dejan"]
[PlyCount "86"]
[Beauty "7427093176913"]
[EventType "swiss"]
[EventRounds "13"]
[EventCountry "NED"]

1.d4 d5 ( {In order to fully understand Firouzja's choice, let me remind you the fascinating recent game where practically the same pawn structure happened with reverse colors after} 1...Nf6 2.Nf3 d5 3.e3 c5 4.dxc5 e6 5.b4 a5 6.c3 axb4 7.cxb4 b6 8.Bb5+ Bd7 9.Bxd7+ Nbxd7 10.a4 bxc5 11.b5 Bd6 12.Bb2 O-O 13.O-O Qc7 14.Nbd2 c4 15.Bc3 e5 16.a5 e4 17.b6 {and later White won a beautiful game, Firouzja,A (2703)-So,W (2741) Skilling Open 2020} ) 2.c4 e6 3.Nc3 Bb4 4.Nf3 dxc4 5.e3 b5 6.a4 c6 7.Bd2 a5 8.axb5 Bxc3 9.Bxc3 cxb5 10.b3 Bb7 11.bxc4 b4 12.Bb2 Nf6 {The Noteboom variation is considered very risky for Black from a positional point of view. He gives away the center almost completely and surrenders the bishop pair. But in return he gets a nice pair of advanced passers, controls the long diagonal, and if he is not mated in the middlegame, he might well be able to promote those passers. All in all a risky, double-edged opening with excellent winning chances for both sides.} 13.Bd3 O-O 14.O-O Nbd7 15.Nd2 {One idea now is to prepare c4-c5 followed by Nd2-c4 and eventually Nc4-d6. Another one is to start rolling the kingside pawns. The drawback of the move is, however, that it loses control of the central e5-square.} ( 15.Bc2 {at once looks more solid.} ) ( {The immediate} 15.c5 {might be met with} 15...Bxf3 16.Qxf3 Nxc5 ) 15...e5 $1 {It is mandatory to block the white pawns.} 16.Bc2 ( 16.dxe5 Nxe5 {is excellent for Black.} ) ( {Whereas} 16.c5 $2 Nxc5 {drops a pawn.} ) 16...Qc7 17.h3 ( {The opening did not go well for White in the following game:} 17.Re1 Rfe8 18.d5 Nb6 19.e4 Nfd7 20.f4 f6 21.fxe5 Nxe5 22.Bd4 Nbxc4 23.Nxc4 Qxc4 24.Bb3 Qa6 25.Bxe5 Rxe5 26.Qd4 Qd6 {Sjugirov,S (2675)-Obolenskikh, D (2544) Chess.com 2020} ) 17...Rfe8 18.Bb3 {This does not seem like the right plan.} ( {Here} 18.d5 $1 {might be strong. It seems that Black can block the position with} 18...Nc5 {but White can put strong pressure on the dark squares, then with} 19.f4 Nfd7 20.fxe5 Nxe5 21.Nf3 {eventually lifting the blockade with an edge for the first player.} ) 18...h6 $146 ( {An email game saw sharp kingside play after} 18...Ne4 19.Nxe4 Bxe4 20.Re1 Ra6 21.f3 Bf5 22.c5 Rg6 23.Kh1 Rh6 24.Bc4 Bxh3 25.gxh3 exd4 26.Bf1 Qg3 {and Black's attack was sufficient to maintain the balance after} 27.Re2 Ne5 28.exd4 Rd8 29.Qe1 Rxh3+ 30.Bxh3 Qxh3+ 31.Rh2 Qxf3+ 32.Rg2 Qh3+ 33.Rh2 Qf3+ 34.Rg2 Qh3+ 35.Rh2 Qf3+ {\BD-\BD (35) Rudolf,M (2129)-Ress,J (2179) LSS email 2013} ) 19.Nf3 {The knight returns, but threatens nothing...} ( {At last} 19.c5 {is possible, but it brings White nothing after the blockading:} 19...exd4 20.exd4 Bd5 ) ( {Maybe} 19.f4 $5 exf4 20.exf4 Ne4 {with an unclear position should have been tested.} ) 19...Ra6 $1 {A nice rook lift.} 20.Nxe5 ( {The other capture} 20.dxe5 $2 Ne4 21.Bc2 Ndc5 {allows yet another powerful blockade and domination of the black pieces.} ) 20...Nxe5 21.dxe5 Nd7 22.f4 {Donchenko decided to risk and keep the pawn.} ( {Perhaps from afar he intended} 22.Ba4 {but then Black can force a beautiful draw with} 22...Nxe5 $1 23.Bxe8 Nf3+ 24.gxf3 Rg6+ 25.Kh1 Qc8 26.Kh2 Qc7+ {In hindsight, this might not have been a bad idea.} ) 22...Nc5 $1 23.Bc2 a4 ( {Even stronger is} 23...b3 $1 {which would force the bishop to step to a worse position:} 24.Bf5 ( 24.Bxb3 $4 {loses a piece due to} 24...Rb6 ) ( {If} 24.Bb1 {as in the game:} 24...Rd8 25.Qe2 Be4 {and the black rook makes it to the attacking g6-square after} 26.Rd1 Rg6 ) 24...a4 {Now White cannot push his f-pawn.} ) 24.f5 $1 {Donchenko grabs the given chance and opens up the game on the kingside.} 24...b3 25.Bb1 Raa8 ( {Objectively best seems} 25...a3 $1 26.Rxa3 Rxa3 27.Bxa3 Qxe5 {when the situation remains somehow balanced. For example:} 28.f6 ( {Black is better after} 28.Bxc5 Qxc5 29.Qd4 Qxd4 30.exd4 Ba6 $1 31.Rc1 Re2 ) 28...Qxe3+ {White has nothing else but to trade the queens with} 29.Rf2 ( {Or otherwise he is mated:} 29.Kh1 $4 Qxh3+ ) ( {Or} 29.Kh2 $2 Qe2 ) 29...Qe1+ 30.Qxe1 Rxe1+ 31.Rf1 {The draw seems like the most probable result here.} ) 26.e6 $1 {Bringing the bishops out.} 26...Qg3 ( {Firouzja needs to be careful:} 26...fxe6 $2 {loses to} 27.f6 Rf8 ( {Or} 27...gxf6 28.Rxf6 ) 28.Qg4 Rf7 29.Qg6 {and the attack cannot be parried.} ) 27.Rf2 {But this is not the right way to defend the g2-spot. The rook is needed for the kingside attack.} ( {Therefore:} 27.Qe2 $1 {is called for, for example} 27...f6 {Now the rook can be lifted:} ( 27...fxe6 {is still bad as the rook is free to move:} 28.f6 gxf6 29.Rxf6 ) 28.Rf4 h5 {and it is only White who can be better after} 29.Ba3 ( {Or} 29.Qf2 ) ) 27...f6 {Black misses an excellent chance.} ( 27...fxe6 $1 {was possible now that the rook on f2 is stuck with the defense of the second rank. Then the endgame after} 28.f6 gxf6 29.Qh5 Qg5 30.Qxg5+ hxg5 31.Rxf6 Be4 $1 {should be close to won for Black.} ) 28.Bd4 ( {It is not too late for} 28.Qe2 $1 ) 28...Ne4 29.Bxe4 {Certainly a mistake after which Firouzja holds all the trumps.} ( {As scary as it looks} 29.Rf4 $1 {is White's best idea. Then} 29...Ng5 30.Qg4 Qxg4 31.Rxg4 a3 {looks winning for Black, but White can actually hold this with the forcing sequence} ( {Or} 31...h5 32.Rf4 a3 ) 32.h4 b2 33.Ra2 h5 34.Rf4 Be4 $1 35.Rxe4 $1 Nxe4 36.Bxe4 Reb8 37.Bb1 Rb4 38.Kf2 Rxc4 39.Bxb2 $1 Rb4 40.Bc1 Rxb1 41.Rxa3 Re8 42.Bd2 g6 {and it should be a draw.} ) 29...Bxe4 30.Ra3 ( 30.Qh5 {is easily met with:} 30...Re7 ) 30...Rec8 31.c5 Kh7 32.Qd2 ( {Perhaps White can hold the endgame after} 32.Qg4 Qxg4 33.hxg4 {although this is certainly an ungrateful task.} ) 32...b2 {One can hardly criticize a move that leads quickly to the win; however, White could have defended here.} ( {Objectively, a move like} 32...Rd8 {would keep a large advantage for Black and good winning chances.} ) 33.Qxb2 {The losing mistake.} ( {Donchenko should have opted for} 33.Bxb2 $1 {with the idea to answer} 33...Rxc5 {with} 34.Qd4 ( {Or} 34.Qb4 {which would transpose.} ) 34...Rxf5 35.Qxe4 $1 {White gives up the rook with a check, but manages to salvage half a point thanks to his powerful passer:} 35...Qxf2+ 36.Kh2 Rc8 ( {Nothing changes} 36...Re8 37.Rxa4 ) 37.e7 Re8 38.Rxa4 {The simple human choice.} ( {Or the computer-like} 38.Bxf6 $1 gxf6 39.Rxa4 Kg7 40.Ra8 ) 38...Rxe7 39.Qxe7 Qxb2 40.Qe4 {with a draw.} ) 33...Rab8 34.Qa2 Rb1+ 35.Rf1 Rcb8 36.Qf2 Rxf1+ 37.Kxf1 ( {Or} 37.Qxf1 Rb1 ) 37...Rb1+ 38.Ke2 Qb8 $1 {This long move backwards might have been missed by Donchenko. The attack on the light squares is irresistible.} 39.Qf4 Qb5+ 40.Kd2 Qb4+ 41.Bc3 Qxa3 42.Qxe4 Qc1+ 43.Kd3 Qf1+ 0-1

[Event "Tata Steel Masters"]
[Site "Wijk aan Zee"]
[Date "2021.01.23"]
[Round "7.5"]
[White "Giri, Anish"]
[Black "Grandelius, Nils"]
[Result "1-0"]
[WhiteElo "2764"]
[BlackElo "2663"]
[EventDate "2021.??.??"]
[Annotator "Bojkov,Dejan"]
[PlyCount "77"]
[Beauty "7770132716558"]
[EventType "swiss"]
[EventRounds "13"]
[EventCountry "NED"]

1.e4 c5 2.Nf3 d6 3.d4 cxd4 4.Nxd4 Nf6 5.Nc3 a6 6.f3 e5 7.Nb3 Be6 8.Be3 Be7 9.Qd2 h5 {One of the modern ideas against the English Attack. Black wants to completely prevent it! A curious choice by Grandelius. Giri himself played this line at least three times last year as Black.} 10.Nd5 {Stressing the facts that Black's last move weakened the kingside and castling might not be as appealing.} ( {The Dutch GM defended well in the following sharp battle:} 10.O-O-O Nbd7 11.Kb1 Rc8 12.h4 b5 13.a3 O-O 14.Bg5 Re8 15.g4 hxg4 16.fxg4 Bxg4 17.Re1 d5 {Wei,Y (2732)-Giri,A (2764) Chess.com 2020} ) 10...Nxd5 11.exd5 Bf5 12.Be2 a5 {A second rook-pawn move that aims to discourage the white king from castling queenside.} ( {Nakamura and Carlsen discussed the consequences of} 12...Bh4+ 13.g3 Be7 14.c4 a5 15.Bd3 Bh3 16.O-O-O Nd7 17.Kb1 a4 18.Nc1 Qa5 19.Qxa5 Rxa5 20.Rhg1 f5 {Nakamura,H (2736)-Carlsen,M (2863) Online 2020} ) 13.a4 O-O {Now it is safe to castle kingside because the a2-a4 weakening has been provoked.} 14.O-O Nd7 15.f4 {However, Giri seems happy with the potential black targets and his better pawn structure.} 15...exf4 16.Bxf4 Rc8 $146 ( {An email game went} 16...Bg6 17.Bb5 Bf6 18.c4 Qc7 19.Rae1 Rfd8 20.Bg3 h4 21.Rxf6 hxg3 22.Rff1 gxh2+ 23.Kh1 Re8 24.Nxa5 Re5 {with counterplay, Brodda,W (2596)-Acevedo Villalba,A (2515) ICCF email 2015} ) 17.c3 ( {It is better to avoid} 17.Nd4 {for the time being as the black knight will find some wonderful squares after} 17...Bg6 18.c3 Nc5 ) 17...Nf6 ( {Here} 17...Nc5 $2 {loses material due to} 18.Nxc5 Rxc5 19.Be3 ) 18.Be3 {The outcome of the opening points towards White's advantage. He has long-term advantage, and if he manages to consolidate his position, it will be hard for Black to hold the balance.} 18...Be4 $1 {Therefore, Grandelius enters complications.} 19.Bd4 $1 {But Giri opts for a temporary pawn sacrifice and takes over the initiative.} 19...Nxd5 {The only possible capture.} ( 19...Bxd5 {loses the material back due to the nice} 20.Rxf6 $1 ( {Not} 20.Bxf6 Bxb3 ) 20...Bxb3 21.Rf5 {Not only will White regain the pawn, but he will soon launch a strong kingside attack.} ) 20.Bf3 {Solid and good enough for a stable advantage.} ( {Also interesting is} 20.Bxh5 Nf6 21.Rae1 {when the white pieces stand more harmoniously. Perhaps White disliked the solidifying move} 21...d5 {here, but White should be better after, say:} 22.Bf3 ) 20...Bg5 ( {Or} 20...Bxf3 21.Rxf3 Bf6 22.Rf5 Bxd4+ 23.Qxd4 Nf6 24.Nxa5 {when the better pawn structure clearly favors White.} ) 21.Qe2 Bxf3 22.Qxf3 Nf6 23.Qf5 {White regains the pawn and preserves all his advantages.} 23...Ng4 ( {Worse is} 23...Bh6 24.Nxa5 ) 24.Qxa5 Re8 ( {The rook endgame is also clearly better for White after} 24...Qxa5 25.Nxa5 Be3+ 26.Bxe3 Nxe3 27.Rf3 b6 28.Rxe3 bxa5 ) 25.Qxd8 Bxd8 26.Rfe1 {The game smoothly entered an endgame: the dream scenario for Giri. Not only because he is an exceptional technician, but because he kept all his small advantages and even accumulated more. The queenside majority will be soon translated into a distant passer.} 26...Ne5 27.Nd2 Re6 28.Red1 Kf8 {Giri called this "a horrible move."} 29.b4 {That might have been rushed a bit.} ( {It makes sense to improve a little further with} 29.Kf1 $5 ) ( {Or} 29.Nf1 $5 ) 29...Nc6 30.Bf2 Ne5 {This very logical move is instructively refuted.} ( {Grandelius needed to keep his opponent busy with} 30...Bf6 {Then} 31.Rac1 ( {Or alternatively} 31.Ra3 Ne7 32.c4 Nc6 33.b5 ( 33.Rb3 Nd4 ) 33...Na5 ) 31...Bg5 32.Rb1 Ne5 33.Ne4 Be7 34.h3 Nc4 {might be a good way to stop the white pawns.} ) 31.a5 $3 {A profound, in-depth understanding of the position. The outside passer moves with decisive effect. It will soon cost Black a piece.} 31...Rxc3 32.b5 Ng4 {The last chance to create threats, but the white pieces are invincible.} 33.Bd4 Rd3 34.Nc4 Rxd4 {Desperation.} ( {However, Black is also lost after} 34...Rb3 35.a6 ) ( {Or} 34...Rxd1+ 35.Rxd1 d5 36.Nb6 $1 ) 35.Rxd4 Bf6 36.Rdd1 d5 ( {Nothing changes} 36...Bxa1 37.Rxa1 Ne5 38.Nb6 $1 {and Black will soon have to part with his knight.} ) 37.Nb6 $1 {It's over. Giri's elegant play is impressive.} 37...Ne3 {A final blunder that finishes the suffering.} ( {Or} 37...Bxa1 38.Rxa1 Ne5 39.Nxd5 ) 38.Nd7+ Ke7 39.Nxf6 ( 39.Nxf6 {Since Black loses a whole piece in the line} 39...Nxd1 40.Nxd5+ Kd6 41.Rxd1 ) 1-0